000 01503nam a2200289Ia 4500
001 K0258
003 IT-RoPAU
008 130308s9999 xx 000 0 und d
040 _aIT-RoPAU
040 _cIT-RoPAU
041 _aITALIANO
100 _aAA.VV.
100 _gCodice Aut. SPICS: 12000
245 _aDipinti dal XV al XVIII secolo per collezionisti e intenditori
245 _bDipinti dal Xv al XVIII Secolo per collezioni sti e intenditori
250 _a1a ed.
260 _bs.e. (senza Editrice o non identificata)
260 _c1975 [1° Ed.:1975 - Ed.Ling.Originale:1975]
300 _a"76 p. (prefazione: no ; testo: 76 [pagine: 0-0])"
500 _a"Esemplare N. 73 di 500. Catalogo dell'Esposizione vendita Tenutasia a torino 23 Novembre 23 Dicembre 1975. 36 Illustrazioni a Colori di Artisti vari tra I Quali: Quentin Metsys; Pier Francesco Fiorentino; Bartolomeo Schedone (O Schedoni); Jacopo Chimenti; Martin Schaffner; Priamo della Quercia; Bicci di Lorenzo; cenni di Francesco; Jacopo Palma Il Giovane; Lamberto Sustris; Rocco Marconi; Bonifacio Veronese; Cristoph Jacobsz Van Der Lamen; Sofonisba Anguissola; Louis De Caulery; Giovanni Battista Pittoni; Jacques Fouquiere; Vittorio Amedeo Cignaroli. "
650 _aSTORIA NAZIONALE DELLA PITTURA
650 _eCodice materia Spics: 5209
942 _cBK
957 _71
999 _c76920
_d76920
999 _bS
999 _g1